000 00528nam a2200181Ia 4500
003 GCL
008 140319s9999 xx 000 0 eng d
040 _aGCL /
_cGCL
082 0 4 _a320.9
_bG S
100 1 _aGHAREEB, EDMUND
245 1 0 _aSPLIT VISION : PORTRAYAL OF ARABS IN THE AMERICAN MEDIA /
_cGHAREEB, EDMUND
260 _a[S.N] :
_bTHE AMERICAN ARAB AFFAIRS COUNCIL ،
_c1983
300 _a402 P P
650 0 4 _aPOLITICAL SITUATION AND CONDITION
650 0 4 _aUNITED STATES
650 0 4 _aARAB WORLD
942 _2ddc
_cBK
999 _c11216
_d11216